Statistics for Most Surrounded Capital Cities by Continent

Click here to take the quiz!

General Stats

  • This quiz has been taken 64 times
  • The average score is 25 of 34

Answer Stats

BEARINGCapital City% Correct
339°Budapest
95%
BELGRADE
91%
135°Sofia
89%
320°Vienna
89%
BUENOS AIRES
89%
237°Sarajevo
88%
95°Bucharest
88%
287°Zagreb
88%
187°Tirana
86%
165°Skopje
84%
200°Podgorica
84%
325°Bratislava
84%
99°Montevideo
82%
166°Pristina
82%
10°Damascus
80%
AMMAN
80%
348°Beirut
80%
253°Jerusalem
80%
286°Ljubljana
77%
244°Cairo
73%
BISSAU
70%
194°Kingstown
70%
188°Port-of-Spain
66%
145°Freetown
66%
140°Conakry
63%
326°Nicosia
63%
327°Dakar
63%
200°Saint George's
55%
123°Bridgetown
55%
328°Banjul
55%
CASTRIES
54%
345°Saint John's
48%
344°Roseau
48%
333°Basseterre
45%

Score Distribution

Percentile by Number Answered

Percent of People with Each Score

Your Score History

You have not taken this quiz